Urbanismo y paisaje urbano en la Nueva Guatemala : (Registro nro. 99)

Detalles MARC
000 -LEADER
campo de control de longitud fija 01791nam a2200421 i 4500
001 - NÚMERO DE CONTROL
campo de control 99
003 - IDENTIFICADOR DE NÚMERO DE CONTROL
campo de control gtuscu
005 - FECHA Y HORA DE LA ÚLTIMA TRANSACCIÓN
campo de control 20241122143732.0
007 - CAMPO FIJO DE DESCRIPCIÓN FÍSICA--INFORMACIÓN GENERAL
campo de control de longitud fija ta
008 - DATOS DE LONGITUD FIJA--INFORMACIÓN GENERAL
campo de control de longitud fija 241122b |||||||| |||| 00| 0 eng d
040 ## - FUENTE DE CATALOGACIÓN
Centro catalogador/agencia de origen gtuscu
Lengua de catalogación spa
Centro/agencia transcriptor gtuscu
Centro/agencia modificador gtuscu
Normas de descripción rda
082 04 - NÚMERO DE LA CLASIFICACIÓN DECIMAL DEWEY
Número de clasificación USAC 711 AY973
100 1# - ENTRADA PRINCIPAL--NOMBRE DE PERSONA
Nombre de persona Ayala R. Carlos,
Término indicativo de función/relación autor
245 10 - MENCIÓN DEL TÍTULO
Título Urbanismo y paisaje urbano en la Nueva Guatemala :
Resto del título composición espacial y nueva monumentalidad en la última capital hispano-colonial de Centroamérica /
Mención de responsabilidad, etc. Carlos Ayala R.
264 1# - PRODUCCIÓN, PUBLICACIÓN, DISTRIBUCIÓN, FABRICACIÓN Y COPYRIGHT
Producción, publicación, distribución, fabricación y copyright Guatemala :
Nombre del de productor, editor, distribuidor, fabricante Universidad de San Carlos de Guatemala, Facultad de Arquitectura - Dirección de Investigación,
Fecha de producción, publicación, distribución, fabricación o copyright 2022.
264 1# - PRODUCCIÓN, PUBLICACIÓN, DISTRIBUCIÓN, FABRICACIÓN Y COPYRIGHT
Fecha de producción, publicación, distribución, fabricación o copyright ©2022
300 ## - DESCRIPCIÓN FÍSICA
Extensión 201 páginas :
Otras características físicas Ilustraciones
Dimensiones 27.5 cm
336 ## - TIPO DE CONTENIDO
Fuente rdacontenido
Término de tipo de contenido texto
Código de tipo de contenido txt
337 ## - TIPO DE MEDIO
Fuente rdamedio
Nombre/término del tipo de medio sin mediación
Código del tipo de medio n
338 ## - TIPO DE SOPORTE
Fuente rdasoporte
Nombre/término del tipo de soporte volumen
Código del tipo de soporte nc
505 0# - NOTA DE CONTENIDO CON FORMATO
Información miscelánea Introducción
505 0# - NOTA DE CONTENIDO CON FORMATO
Título El simbolismo de ciudad capital --
505 0# - NOTA DE CONTENIDO CON FORMATO
Título Las cualidades del sitio seleccionado --
505 0# - NOTA DE CONTENIDO CON FORMATO
Título La pureza formal de la nueva traza urbanística --
505 0# - NOTA DE CONTENIDO CON FORMATO
Título La alteración de la traza concéntrica --
505 0# - NOTA DE CONTENIDO CON FORMATO
Título La cruz como principio de ordenación espacial --
505 0# - NOTA DE CONTENIDO CON FORMATO
Título El conjunto central de la capitalidad: la Plaza Mayor --
505 0# - NOTA DE CONTENIDO CON FORMATO
Título La conversión de la Calle Real en una composición lineal sacra --
505 0# - NOTA DE CONTENIDO CON FORMATO
Título Otros espacios públicos significativos --
505 0# - NOTA DE CONTENIDO CON FORMATO
Título Los templos por sobre todas las cosas --
505 0# - NOTA DE CONTENIDO CON FORMATO
Título La catedral o las preeminencias del templo mayor --
505 0# - NOTA DE CONTENIDO CON FORMATO
Título Un paisajismo urbano como composición templos --
505 0# - NOTA DE CONTENIDO CON FORMATO
Título La aguda diferenciación socio espacial --
505 0# - NOTA DE CONTENIDO CON FORMATO
Título El desmantelamiento de una composición urbanística.
650 14 - PUNTO DE ACCESO ADICIONAL DE MATERIA--TÉRMINO DE MATERIA
Término de materia o nombre geográfico como elemento de entrada Urbanismo
650 14 - PUNTO DE ACCESO ADICIONAL DE MATERIA--TÉRMINO DE MATERIA
Término de materia o nombre geográfico como elemento de entrada Urbanismo
Subdivisión cronológica Historia
Subdivisión geográfica Guatemala
942 ## - ELEMENTOS DE ENTRADA SECUNDARIOS (KOHA)
Fuente de la clasificación o esquema de estantería Clasificación Decimal Dewey
Tipo de ítem Koha Libros
Suprimir en OPAC No
Existencias
Estatus retirado Estado de pérdida Fuente de la clasificación o esquema de estantería Estado de daño No para préstamo Colección Biblioteca de origen Biblioteca actual Fecha de adquisición Fuente de adquisición Número de inventario Total de préstamos Signatura topográfica completa Código de barras Visto por última vez Precio de reemplazo Tipo de ítem Koha Nota pública
    Clasificación Decimal Dewey     general BIBLIOTECA CEUR FLAVIO QUESADA SALDAÑA BIBLIOTECA CEUR FLAVIO QUESADA SALDAÑA 19/11/2024 Donación 16H-BF16   USAC 711 AY973 BFQS00016 22/11/2024 22/11/2024 Libros Disponible